01152nas a2200313 4500001001300000003000900013005001700022007000300039008003400042040005400076041000900130072001800139100001700157100002300174100002300197100002100220245013700241650001900378650001600397650001000413650003500423650001900458650002100477773010600498909004000604942001800644999001900662952015700681BR2013001233BR-BrBNA20231205121921.0ta230509b bl.|||p| |||| 00| 00por d aBR-BrBNAbporcBiblioteca Nacional de Agricultura a(Pt) aF04; F62; P341 aCoelho, I.R.1 aCavalcante, U.M.T.1 aCampos, M.A. da S.1 aSilva, F.S.B. da1 aUso de fungos micorrízicos arbusculares (FMA)na proporção do crescimento de mudas de pinheira (Annona squamosa L., Annonaceae) aFRUTA DE CONDE aCRESCIMENTO aFUNGO aMICORRIZA VESICULAR ARBUSCULAR aINOCULAÇÃO aADUBO ORGÂNICO0 tActa Botânica Brasilica (Brazil)xISSN 0102-3306g(oct-dec 2012), v. 26(4) p. 933-937wBR2013001233 a202311bLúciac55dLúcia Elande 2AGRISn0cANA c225926d225926 002AGRIS4071a41918b41918cPeriódicos Agrícolash(oct-dec 2012), v. 26(4) p. 933-937l0r2023-11-29t01yCRePortaria Interministerial nº 164/94